| 000 | 00624nam a2200205Ia 4500 | ||
|---|---|---|---|
| 005 | 20251020182609.0 | ||
| 008 | 200515s9999 xx 000 0 und d | ||
| 082 | _aSC/621.313.13/P26 | ||
| 100 | _aPARES PERAIRE, José María | ||
| 245 | 0 | _aManual del instalador de motores eléctricos | |
| 250 | _a3a ed. | ||
| 260 | _aBarcelona | ||
| 260 | _c1974 | ||
| 300 | _a222 | ||
| 520 | _aFacilita el estudio y ampliar conocimientos sobre la instalación de motores de corriente continúa y de corriente alterna | ||
| 650 | _aINSTALACIONES ELECTRICAS | ||
| 650 | _aMANUALES | ||
| 650 | _aMOTORES ELECTRICOS | ||
| 942 | _cLIB | ||
| 999 |
_c3280 _d3280 |
||